| 000 | 00684nam a22002417a 4500 | ||
|---|---|---|---|
| 005 | 20260212114405.0 | ||
| 008 | 260211b |||||||| |||| 00| 0 eng d | ||
| 020 |
_a9780143104940 _c$ 25.00 |
||
| 040 | _aMAIN | ||
| 082 |
_a294.3923 _bP136T |
||
| 100 | _aPadmasambhava | ||
| 245 | _aTibetan book of the dead: The great liberation by hearing in the intermediate states | ||
| 260 |
_aNew York _bPenguin Books _c2007 |
||
| 300 | _ali, 535 | ||
| 650 | _aReligion | ||
| 650 | _aIndic Orisin | ||
| 650 | _aBuddhism | ||
| 650 | _aTibetan Buddhism | ||
| 700 | _aLingpa, Terton Karma | ||
| 700 | _aDorje, Gyurme | ||
| 700 | _aGraham Coleman with Thupten Jinpa | ||
| 942 | _cBK | ||
| 999 |
_c397011 _d397011 |
||